[Event "Coppa del mondo 2007"]
[Site "Khanty-Mansiysk RUS"]
[Date "2007.12.02"]
[Round "3.5"]
[White "Macieja, B."]
[Black "Sasikiran, K."]
[Result "0-1"]
[WhiteElo "2606"]
[BlackElo "2661"]
[PlyCount "114"]
[EventDate "2007.11.24"]
[Source "www.chesslib.no"]
[SourceDate "2004.05.04"]

1. e4 c5 2. Nf3 a6 3. c3 e6 4. d4 d5 5. exd5 exd5 6. Be2 c4 7. b3 cxb3 8. axb3 Bd6 9. O-O Ne7 10. h3 O-O 11. Ba3 Nbc6 12. Bxd6 Qxd6 13. Na3 Ng6 14. Ne1 Bd7 15. Nd3 Rae8 16. Nc2 Nh4 17. Bg4 f5 18. Bf3 f4 19. Kh2 Bf5 20. Nc5 Nxf3+ 21. Qxf3 Bxc2 22. Nxb7 Qd7 23. Nc5 Qf7 24. Rxa6 Nb8 25. Rd6 Be4 26. Qg4 f3 27. g3 Qa7 28. Qh4 h6 29. g4 Rf7 30. Rg1 Nd7 31. b4 Nf8 32. b5 Qb8 33. Qg3 Qxb5 34. g5 hxg5 35. Qxg5 Qb8 36. Qg3 Rd8 37. Rxd8 Qxd8 38. Ra1 Rf6 39. Rg1 Rg6 40. Qe5 Qf6 41. Qxf6 Rxf6 42. Rg4 Bg6 43. Kg3 Kf7 44. Rg5 Rf5 45. Rxf5+ Bxf5 46. Kxf3 Nd7 47. Nb3 Nf6 48. Kf4 Bc2 49. Nd2 Ne4 50. Nf3 Nxc3 51. Ne5+ Ke6 52. f3 Nb5 53. Ke3 Nd6 54. Kd2 Bh7 55. h4 Nc4+ 56. Nxc4 dxc4 57. Kc3 Kd5 0-1

[Event "Bosna SuperGM"]
[Site "Sarajevo"]
[Date "2002.05.28"]
[Round "7"]
[White "Georgiev, Kiril"]
[Black "Kurajica, Bojan"]
[Result "0-1"]
[WhiteElo "2654"]
[BlackElo "2555"]
[PlyCount "62"]
[EventDate "2002.05.22"]
[Source "ChessBase"]
[SourceDate "2002.09.20"]

1. e4 c5 2. Nf3 a6 3. c3 d5 4. exd5 Qxd5 5. d4 Nf6 6. Be2 g6 7. Qb3 cxd4 8. Nxd4 Qxg2 9. Bf3 Qh3 10. Bf4 Nbd7 11. Nd2 Bh6 12. Bxh6 Qxh6 13. O-O-O O-O 14. Qb4 Re8 15. Rde1 e5 16. N4b3 a5 17. Qa4 Ra7 18. h4 b5 19. Qxb5 a4 20. Nc5 a3 21. b4 Rc7 22. Re3 Qf4 23. Qa5 e4 24. Ncxe4 Nxe4 25. Bxe4 Nf6 26. Bc2 Rd8 27. Rhe1 Be6 28. R1e2 Nd5 29. Rf3 Qxh4 30. Bb3 Qh1+ 31. Bd1 Nxc3 0-1

[Event "HUN-ch KO"]
[Site "Budapest"]
[Date "2000.10.08"]
[Round "7.1"]
[White "Almasi, Zoltan"]
[Black "Varga, Zoltan"]
[Result "1-0"]
[WhiteElo "2668"]
[BlackElo "2541"]
[PlyCount "61"]
[EventDate "2000.08.28"]
[Source "www.chesslib.no"]
[SourceDate "2004.05.04"]

1. e4 c5 2. Nf3 a6 3. c3 Nf6 4. e5 Nd5 5. d4 cxd4 6. Qxd4 e6 7. Bc4 Nc6 8. Qe4 f5 9. Qe2 Nde7 10. h4 Qc7 11. h5 h6 12. Bb3 b5 13. Bf4 g5 14. hxg6 Nxg6 15. Be3 Ncxe5 16. Nxe5 Qxe5 17. Qf3 Rb8 18. Nd2 f4 19. Rh5 fxe3 20. Rxe5 exd2+ 21. Kxd2 Nxe5 22. Qh5+ Nf7 23. Bc2 Bg7 24. Qc5 Bb7 25. Bg6 b4 26. Qxb4 Rg8 27. Qf4 Ke7 28. Qxf7+ Kd6 29. Bh7 Rgf8 30. Qxg7 Rxf2+ 31. Ke3 1-0

[Event "Moscow RUS"]
[Site "?"]
[Date "2005.02.17"]
[Round "3"]
[White "Guseinov Gadir"]
[Black "Kempinski Robert"]
[Result "1/2-1/2"]
[WhiteElo "2574"]
[BlackElo "2624"]
[PlyCount "94"]
[EventDate "2005.??.??"]
[Source "www.chesslib.no"]
[SourceDate "2004.05.04"]

1. e4 c5 2. Nf3 a6 3. c3 d6 4. d4 Nf6 5. Bd3 cxd4 6. cxd4 g6 7. O-O Bg7 8. h3 O-O 9. Nc3 Nc6 10. Be3 e5 11. dxe5 dxe5 12. Rc1 Be6 13. Ng5 Nd4 14. Nxe6 Nxe6 15. Bc4 Nd4 16. Bd5 Qb6 17. f4 Nxd5 18. Nxd5 Qxb2 19. f5 Rfd8 20. Rf2 Qa3 21. Bxd4 exd4 22. Rc7 Be5 23. fxg6 fxg6 24. Qg4 Bxc7 25. Qe6+ Kg7 26. Qf7+ Kh6 27. Nf6 Qc1+ 28. Rf1 Qxf1+ 29. Kxf1 Rf8 30. Qxh7+ Kg5 31. Qxc7 Kxf6 32. Ke2 Rfd8 33. e5+ Ke6 34. Qg7 Rac8 35. Kd3 Rc3+ 36. Kd2 Rdc8 37. Qf6+ Kd5 38. Qd6+ Ke4 39. Qxg6+ Kxe5 40. Qg7+ Ke4 41. Qxb7+ R8c6 42. Qh7+ Kd5 43. h4 Rb6 44. Qd7+ Ke4 45. Qe7+ Kf4 46. Qg5+ Ke4 47. Qe7+ Kf4 1/2-1/2

[Event "HUN"]
[Site "HUN"]
[Date "1989.??.??"]
[Round "?"]
[White "Sax, Gyula"]
[Black "Csom, Istvan"]
[Result "1-0"]
[WhiteElo "2610"]
[BlackElo "2545"]
[PlyCount "75"]
[EventDate "1989.??.??"]
[Source "www.chesslib.no"]
[SourceDate "2004.05.04"]

1. e4 c5 2. Nf3 a6 3. Nc3 d6 4. d4 Nd7 5. a4 cxd4 6. Nxd4 Ngf6 7. Be2 Nc5 8. Bf3 e6 9. O-O Be7 10. g3 O-O 11. Bg2 Qc7 12. Be3 Rb8 13. a5 b5 14. e5 dxe5 15. Nc6 Bb7 16. Nxb8 Rxb8 17. Bxb7 Rxb7 18. Qe2 h6 19. Bxc5 Bxc5 20. Ne4 Nxe4 21. Qxe4 f5 22. Qe2 e4 23. Kg2 Qe5 24. c3 f4 25. f3 e3 26. Rad1 Rb8 27. b4 Be7 28. Rd3 Bg5 29. h4 Bf6 30. gxf4 Qxf4 31. Qxe3 Qc4 32. Qe4 Rc8 33. Rd6 Bxc3 34. Rc1 e5 35. Qxc4+ Rxc4 36. Rxa6 Kf7 37. Rb6 Bxb4 38. Rxc4 1-0

[Event "Costa Catalana"]
[Site "?"]
[Date "1978.??.??"]
[Round "1"]
[White "Cseshkovsky, V."]
[Black "Andersson, U."]
[Result "1/2-1/2"]
[WhiteElo "2590"]
[BlackElo "2565"]
[PlyCount "43"]
[EventDate "1978.??.??"]
[Source "www.chesslib.no"]
[SourceDate "2004.05.04"]

1. e4 c5 2. Nf3 a6 3. c3 d5 4. exd5 Qxd5 5. d4 Nf6 6. Be2 e6 7. O-O Nc6 8. Re1 Be7 9. Ne5 Nxe5 10. dxe5 Qxd1 11. Rxd1 Nd7 12. Bf4 b6 13. Nd2 Bb7 14. a4 Bd5 15. Nf1 Bc6 16. Ne3 Ra7 17. Rd2 O-O 18. Bg3 Rfa8 19. Nc4 Kf8 20. h4 g6 21. Nd6 h5 22. c4 1/2-1/2

[Event "TCh-POL Ekstraliga"]
[Site "?"]
[Date "2005.09.11"]
[Round "9"]
[White "Bobras Piotr"]
[Black "Kempinski Robert"]
[Result "1/2-1/2"]
[WhiteElo "2525"]
[BlackElo "2619"]
[PlyCount "25"]
[EventDate "2005.??.??"]
[Source "www.chesslib.no"]
[SourceDate "2004.05.04"]

1. e4 c5 2. Nf3 a6 3. c4 d6 4. d4 Nf6 5. Nc3 cxd4 6. Nxd4 g6 7. Be2 Bg7 8. O-O O-O 9. Be3 Nc6 10. f3 Nxd4 11. Bxd4 Be6 12. Nd5 Bxd5 13. cxd5 1/2-1/2

[Event "Espana"]
[Site "Espana"]
[Date "2003.??.??"]
[Round "?"]
[White "Bologan, V."]
[Black "Khamrakulov, I."]
[Result "1-0"]
[WhiteElo "2673"]
[BlackElo "2464"]
[PlyCount "97"]
[EventDate "2003.??.??"]
[Source "Chess Informant"]
[SourceDate "2003.10.01"]

1. e4 c5 2. Nf3 a6 3. c3 d5 4. exd5 Qxd5 5. d4 Nf6 6. Be2 cxd4 7. cxd4 e6 8. O-O Be7 9. Nc3 Qd8 10. Ne5 O-O 11. Bf3 Nbd7 12. Bf4 Nb6 13. Bg3 Ne8 14. Qb3 a5 15. Rfd1 a4 16. Qb5 Nd6 17. Qe2 f6 18. Nd3 Nf5 19. Nc5 Nxd4 20. Rxd4 Qxd4 21. Nxe6 Bxe6 22. Qxe6+ Kh8 23. Qxe7 a3 24. Rd1 Rfe8 25. Rxd4 Rxe7 26. h4 axb2 27. Rb4 Re1+ 28. Kh2 Rxa2 29. Rxb6 Raa1 30. Bf4 b1=Q 31. Nxb1 Rexb1 32. Rd6 Ra8 33. Rd7 Rb4 34. Bxb7 Re8 35. g3 Rb6 36. Bd5 Ra6 37. Be3 Ra3 38. Bf7 Rc8 39. Kg2 Rac3 40. Bf4 Rf8 41. g4 Rcc8 42. g5 Rcd8 43. Re7 Rd4 44. Kf3 Rd3+ 45. Ke4 Rfd8 46. gxf6 gxf6 47. Be6 R3d4+ 48. Kf5 Rb4 49. Bh6 1-0

[Event "Berliner Sommer"]
[Site "Berlin"]
[Date "1997.??.??"]
[Round "9"]
[White "Aseev, Konstantin N"]
[Black "Eingorn, Vereslav S"]
[Result "1/2-1/2"]
[WhiteElo "2545"]
[BlackElo "2590"]
[PlyCount "30"]
[EventDate "1997.08.??"]
[Source "ChessBase"]
[SourceDate "1997.09.26"]

1. e4 c5 2. Nf3 a6 3. c3 e6 4. d4 d5 5. e5 Bd7 6. Bd3 cxd4 7. cxd4 Bb5 8. Bc2 Bb4+ 9. Bd2 a5 10. Nc3 Ba6 11. Ne2 Nc6 12. O-O Nge7 13. a3 Bxd2 14. Qxd2 Qb6 15. Rfe1 Bxe2 1/2-1/2

[Event "Oberwart op"]
[Site "Oberwart"]
[Date "1996.??.??"]
[Round "7"]
[White "Groszpeter, Attila"]
[Black "Eingorn, Vereslav S"]
[Result "0-1"]
[WhiteElo "2545"]
[BlackElo "2585"]
[PlyCount "100"]
[EventDate "1996.07.??"]
[Source "www.chesslib.no"]
[SourceDate "2004.05.04"]

1. e4 c5 2. Nf3 a6 3. c3 e6 4. d4 d5 5. exd5 exd5 6. Bd3 Bd6 7. dxc5 Bxc5 8. O-O Ne7 9. Qa4+ Nbc6 10. Qh4 Bf5 11. Bxf5 Nxf5 12. Qg4 Nce7 13. Nbd2 O-O 14. Nb3 Ba7 15. Bf4 Qc8 16. h3 Ng6 17. Rad1 Re8 18. Bh2 Re4 19. Qh5 h6 20. Nfd2 Nf4 21. Bxf4 Rxf4 22. Qe2 Ng3 23. Qe5 Qf5 24. Qxf5 Rxf5 25. Nf3 Nxf1 26. Kxf1 Re8 27. Nc1 Rd8 28. Ne2 Rf6 29. Ned4 Kf8 30. Re1 Rf4 31. Rd1 Re4 32. Nd2 Re7 33. N2f3 g6 34. a3 Rde8 35. Rb1 Bb6 36. Rd1 Kg7 37. g3 f5 38. Rb1 Kf6 39. Rd1 g5 40. Kg2 h5 41. Rd3 g4 42. hxg4 fxg4 43. Nd2 Re1 44. Nf1 Rb1 45. Ne3 Rxb2 46. Nxd5+ Kg6 47. Rd1 Kg5 48. Nb4 Bxd4 49. Rxd4 Rf8 50. Nd3 Rd2 0-1

[Event "Thessaloniki ol (Men)"]
[Site "Thessaloniki GRE"]
[Date "1988.??.??"]
[Round "12"]
[White "Chandler, Murray G"]
[Black "Csom, Istvan"]
[Result "1/2-1/2"]
[WhiteElo "2590"]
[BlackElo "2540"]
[PlyCount "45"]
[EventDate "1988.11.??"]
[Source "www.chesslib.no"]
[SourceDate "2004.05.04"]

1. e4 c5 2. Nf3 a6 3. c3 d5 4. exd5 Qxd5 5. d4 e6 6. Be2 Nf6 7. O-O Nc6 8. Be3 cxd4 9. Nxd4 Nxd4 10. Bxd4 Bc5 11. Bf3 Qd6 12. Na3 Bxd4 13. Qxd4 Qxd4 14. cxd4 Rb8 15. Rac1 O-O 16. Rfd1 b5 17. Rc7 Rd8 18. Nc2 Rd7 19. Rc5 Bb7 20. Bxb7 Rdxb7 21. Nb4 Rb6 22. Rdc1 g6 23. d5 1/2-1/2

[Event "Match \"]
[Site "Europe"]
[Date "1984.??.??"]
[Round "?"]
[White "Tal, Mikhail N"]
[Black "Csom, Istvan"]
[Result "0-1"]
[WhiteElo "2620"]
[BlackElo "2505"]
[PlyCount "50"]
[EventDate "1984.??.??"]
[Source "www.chesslib.no"]
[SourceDate "2004.05.04"]

1. e4 c5 2. Nf3 a6 3. c3 d5 4. exd5 Qxd5 5. d4 e6 6. Bd3 Nf6 7. O-O Be7 8. c4 Qd6 9. dxc5 Qxc5 10. Bf4 b6 11. Nbd2 Bb7 12. Nb3 Qc8 13. h3 O-O 14. Nbd4 Nbd7 15. Qe2 Re8 16. Qc2 Bc5 17. Ng5 Bxd4 18. Bxh7+ Kf8 19. Bd6+ Re7 20. Bd3 Qc6 21. Bxe7+ Kxe7 22. Nf3 Rh8 23. Rfe1 Nc5 24. h4 Qc7 25. Qe2 Ng4 0-1

[Event "Budapest zt 1.4"]
[Site "Budapest"]
[Date "2000.06.22"]
[Round "6"]
[White "Spasov, Vasil"]
[Black "Varga, Zoltan"]
[Result "1-0"]
[WhiteElo "2590"]
[BlackElo "2530"]
[PlyCount "59"]
[EventDate "2000.06.17"]
[Source "ChessBase"]
[SourceDate "2000.10.18"]

1. e4 c5 2. Nf3 a6 3. c3 e6 4. d4 d5 5. e5 Qb6 6. Bd3 Nc6 7. dxc5 Bxc5 8. O-O h6 9. Nbd2 g5 10. Nb3 Bf8 11. c4 Nge7 12. Be3 Qd8 13. Qe2 Bg7 14. Rad1 Qc7 15. cxd5 exd5 16. Bc5 g4 17. Nfd4 Bxe5 18. g3 b6 19. Nxc6 Nxc6 20. Ba3 b5 21. Rc1 Bd7 22. Rfe1 f6 23. Bg6+ Kd8 24. Rc5 Qa7 25. Rxd5 b4 26. Red1 bxa3 27. Nc5 Kc8 28. Nxd7 axb2 29. Qc4 Qc7 30. Rc5 1-0

[Event "Oberwart Open"]
[Site "Oberwart AUT"]
[Date "1994.??.??"]
[Round "9"]
[White "Dvoirys, Semen I"]
[Black "Eingorn, Vereslav S"]
[Result "1/2-1/2"]
[WhiteElo "2550"]
[BlackElo "2570"]
[PlyCount "257"]
[EventDate "1994.07.??"]
[Source "www.chesslib.no"]
[SourceDate "2004.05.04"]

1. e4 c5 2. Nf3 a6 3. c3 e6 4. d4 d5 5. exd5 exd5 6. Be3 c4 7. Nbd2 Bd6 8. g3 Ne7 9. Bg2 Nbc6 10. O-O O-O 11. Re1 Bf5 12. Nh4 Be6 13. Ndf3 f6 14. Bf4 Bc8 15. Bxd6 Qxd6 16. Nd2 Be6 17. Nf1 Rae8 18. Ne3 Qd7 19. Nf3 Nf5 20. Qd2 Nxe3 21. Rxe3 Bf7 22. Rae1 Rxe3 23. Rxe3 Re8 24. h4 Kf8 25. Rxe8+ Qxe8 26. Nh2 Qd8 27. Qf4 h6 28. Ng4 Be6 29. Ne3 Ne7 30. g4 Kg8 31. Kh2 b5 32. a3 Kf7 33. Qg3 Kf8 34. g5 hxg5 35. hxg5 Nf5 36. Nxf5 Bxf5 37. gxf6 gxf6 38. Qf4 Be6 39. Qh6+ Ke7 40. Qg7+ Bf7 41. Bf3 Qg8 42. Qxg8 Bxg8 43. Bg4 Be6 44. Bf3 Kf8 45. Kg3 Kg7 46. Bh5 Bd7 47. Kf4 Kf8 48. Kg3 Kg7 49. Kf3 Kg8 50. Kg2 Kg7 51. Kg3 Kg8 52. Kh4 Kf8 53. Bg6 Kg7 54. Bc2 Kh6 55. Bd1 Kg7 56. Bf3 Be6 57. Bh5 Bd7 58. Bd1 Kf8 59. b4 cxb3 60. Bxb3 Be6 61. Kg3 Kg7 62. Kf4 Kh6 63. Bd1 Kg6 64. Bf3 Kh6 65. Ke3 Kg5 66. Bg2 a5 67. Bf1 Bd7 68. Kf3 f5 69. Kg3 f4+ 70. Kh2 Kh4 71. Be2 Kg5 72. Bd3 Kf6 73. Kg1 Kg5 74. Bf1 Kg4 75. Be2+ Kg5 76. Bf3 Be6 77. Kf1 Kh4 78. Be2 Bd7 79. Bd3 Kg5 80. Ke1 Kf6 81. Kd2 Kg5 82. Bf1 Kf6 83. Bg2 Be6 84. Kc2 Ke7 85. Kb3 Kd6 86. Bf3 Bf5 87. Be2 Bd7 88. Kc2 Ke7 89. Kd2 Kf6 90. Bh5 Kg5 91. Bf7 Bc6 92. Be6 Kf6 93. Bc8 Be8 94. Ke2 Bh5+ 95. Ke1 Bg6 96. Ba6 Be8 97. Ke2 Bh5+ 98. Kf1 Be8 99. Bb7 Ke6 100. Kg2 Bh5 101. Kh3 Bf3 102. Bc6 Kf5 103. Bxb5 Ke4 104. Kh2 Bd1 105. Kg2 Bh5 106. Kf1 Bg4 107. Ke1 Be6 108. Be2 Bd7 109. Kd2 Ba4 110. f3+ Kf5 111. c4 dxc4 112. Bxc4 Bc6 113. Bd3+ Kf6 114. Be4 Bb5 115. Ke1 Ke7 116. Kf2 Kd6 117. Ke1 Bc4 118. Kd2 Bb5 119. Kc3 Be2 120. Kb3 Bd1+ 121. Kc4 Be2+ 122. Kc3 Bd1 123  d5 Kc5 124. d6 Kxd6 125. Kd4 Ba4 126. Bb7 Bc2 127. Kc4 Ke5 128. Kc5 Bd1 129. Bc6 1/2-1/2

[Event "Elgoibar SPA"]
[Site "?"]
[Date "2001.12.16"]
[Round "3.5"]
[White "Korneev Oleg"]
[Black "Georgiev Vladimir"]
[Result "1-0"]
[WhiteElo "2554"]
[BlackElo "2564"]
[PlyCount "99"]
[EventDate "2001.??.??"]
[Source "www.chesslib.no"]
[SourceDate "2004.05.04"]

1. e4 c5 2. Nf3 a6 3. c3 d5 4. exd5 Qxd5 5. d4 Nf6 6. Be2 Bg4 7. O-O e6 8. Be3 cxd4 9. cxd4 Be7 10. Nc3 Qa5 11. Ne5 Bxe2 12. Qxe2 Nc6 13. Nxc6 bxc6 14. Qc4 Rc8 15. a3 O-O 16. b4 Qb6 17. d5 exd5 18. Nxd5 cxd5 19. Qxc8 d4 20. Bxd4 Qxd4 21. Qxa6 Rd8 22. Qe2 Ne4 23. Rfe1 f5 24. Rad1 Qa7 25. Qe3 Ra8 26. Qxa7 Rxa7 27. Re3 Bf6 28. Rde1 Bb2 29. Rb1 Rxa3 30. Rxa3 Bxa3 31. Rb3 Bc1 32. g3 Bg5 33. b5 Be7 34. b6 Nc5 35. b7 Nxb7 36. Rxb7 Kf7 37. Kf1 Ke6 38. Ke2 h6 39. Kd3 Bf6 40. Rb6+ Kd5 41. Rb5+ Ke6 42. Rb6+ Kd5 43. Rb5+ Ke6 44. Kc4 h5 45. f4 g5 46. Rb6+ Kf7 47. Rxf6+ Kxf6 48. h4 gxh4 49. gxh4 Ke6 50. Kc5 1-0

[Event "Skopje op 18th"]
[Site "Skopje"]
[Date "2002.01.17"]
[Round "3"]
[White "Kolev, Atanas"]
[Black "Kurajica, Bojan"]
[Result "1-0"]
[WhiteElo "2568"]
[BlackElo "2539"]
[PlyCount "83"]
[EventDate "2002.01.15"]
[Source "ChessBase"]
[SourceDate "2002.03.21"]

1. e4 c5 2. Nf3 a6 3. c3 g6 4. d4 cxd4 5. cxd4 d5 6. e5 Bg4 7. Nbd2 Nc6 8. Bd3 Qa5 9. O-O Nxd4 10. Nb3 Nxb3 11. Qxb3 Bc8 12. e6 Bh6 13. exf7+ Kxf7 14. Re1 Kg7 15. Bxh6+ Kxh6 16. Rac1 Qd8 17. Re5 Nf6 18. Rce1 Re8 19. Qa3 e6 20. Ng5 Qc7 21. Qa4 Kg7 22. Qd4 Bd7 23. g4 Kg8 24. h3 Qd6 25. h4 Re7 26. Kh1 Rf8 27. h5 h6 28. Nh3 gxh5 29. gxh5 Rg7 30. Bg6 b6 31. f3 Qc5 32. Qd2 Ne8 33. Qxh6 Rxf3 34. Ng5 Rf6 35. Ne4 Qe7 36. Nxf6+ Qxf6 37. Qg5 Qf3+ 38. Kg1 Qf6 39. Rf1 Qxg5+ 40. Rxg5 Bb5 41. h6 Bxf1 42. hxg7 1-0

[Event "Memorial T.Petrosian"]
[Site "Erevan ARM"]
[Date "1986.??.??"]
[Round "?"]
[White "Tal, Mikhail N"]
[Black "Csom, Istvan"]
[Result "1/2-1/2"]
[WhiteElo "2600"]
[BlackElo "2505"]
[PlyCount "37"]
[EventDate "1986.??.??"]
[Source "www.chesslib.no"]
[SourceDate "2004.05.04"]

1. e4 c5 2. Nf3 a6 3. Nc3 d6 4. d4 Nd7 5. dxc5 Nxc5 6. Be3 e6 7. Qd4 Ne7 8. O-O-O Nc6 9. Qd2 Be7 10. Nd4 Bd7 11. f3 Ne5 12. f4 Ng4 13. Bg1 b5 14. h3 Nf6 15. e5 b4 16. exf6 bxc3 17. Qxc3 Bxf6 18. g4 O-O 19. g5 1/2-1/2

[Event "EU-ch 2nd"]
[Site "Ohrid"]
[Date "2001.06.07"]
[Round "7"]
[White "Acs, Peter"]
[Black "Georgiev, Vladimir"]
[Result "0-1"]
[WhiteElo "2509"]
[BlackElo "2592"]
[PlyCount "92"]
[EventDate "2001.06.01"]
[Source "ChessBase"]
[SourceDate "2001.09.13"]

1. e4 c5 2. Nf3 a6 3. c3 d5 4. exd5 Qxd5 5. d4 Nf6 6. Be2 cxd4 7. cxd4 g6 8. O-O Bg7 9. Ne5 O-O 10. Bf3 Qd8 11. Nc3 Nbd7 12. Bg5 h6 13. Bf4 Nb6 14. Bg3 Nfd5 15. Nxd5 Nxd5 16. Qb3 e6 17. Rac1 a5 18. Bxd5 exd5 19. Rfe1 a4 20. Qb5 Qa5 21. Qxa5 Rxa5 22. Rc7 Rb5 23. Nxf7 Rxf7 24. Rxc8+ Kh7 25. Ra8 Rxb2 26. Rxa4 b5 27. Ra3 Bxd4 28. Rd3 Bxf2+ 29. Bxf2 Rfxf2 30. Re7+ Kg8 31. Rg3 Kf8 32. Rb7 Rf7 33. Rb8+ Kg7 34. h3 h5 35. a3 Rb1+ 36. Kh2 Rff1 37. Rf3 Rxf3 38. gxf3 Kf6 39. Kg3 Rb3 40. h4 Ke5 41. Rb6 Kd4 42. Rb8 Ke3 43. Re8+ Kd3 44. Kf4 d4 45. Kg5 Kc2 46. Rd8 d3 0-1

[Event "Cannes op"]
[Site "Cannes"]
[Date "1995.??.??"]
[Round "6"]
[White "Apicella, Manuel"]
[Black "Dorfman, Josif D"]
[Result "1/2-1/2"]
[WhiteElo "2505"]
[BlackElo "2590"]
[PlyCount "99"]
[EventDate "1995.02.??"]
[Source "ChessBase"]

1. e4 c5 2. Nf3 a6 3. c4 e6 4. Nc3 d6 5. d4 cxd4 6. Nxd4 Nf6 7. Be2 b6 8. O-O Bb7 9. f3 Be7 10. Kh1 O-O 11. b3 Qc7 12. Bb2 Nbd7 13. Qd2 Rfe8 14. Nc2 Rac8 15. Ne3 Qb8 16. Rad1 Bd8 17. Bd3 Bc7 18. Bb1 Bc6 19. Qf2 b5 20. Qh4 Bb6 21. cxb5 axb5 22. Ng4 Nxg4 23. Qxg4 Nf6 24. Qg3 e5 25. Nd5 Bxd5 26. exd5 Nh5 27. Qg4 g6 28. Bd3 Rc5 29. Qb4 Ba7 30. Rc1 Nf4 31. Be4 Nxd5 32. Qd2 Nf6 33. Bb1 b4 34. Rxc5 Bxc5 35. f4 Ng4 36. fxe5 Nxe5 37. Be4 Re7 38. Bd5 Qa7 39. h3 Qa6 40. Re1 Qb5 41. Qg5 Ra7 42. Qf6 Qd3 43. Bc4 Qc2 44. Rxe5 dxe5 45. Bxe5 Qd1+ 46. Bf1 Kf8 47. Kh2 h5 48. Qh8+ Ke7 49. Qf6+ Kf8 50. Qh8+ 1/2-1/2

[Event "Berliner Sommer"]
[Site "Berlin GER"]
[Date "1994.??.??"]
[Round "?"]
[White "Malisauskas, Vidmantas"]
[Black "Eingorn, Vereslav S"]
[Result "1/2-1/2"]
[WhiteElo "2525"]
[BlackElo "2570"]
[PlyCount "41"]
[EventDate "1994.08.??"]
[Source "www.chesslib.no"]
[SourceDate "2004.05.04"]

1. e4 c5 2. Nf3 a6 3. c3 e6 4. d4 d5 5. exd5 exd5 6. Be2 Nc6 7. O-O cxd4 8. Nxd4 Bd6 9. Nxc6 bxc6 10. c4 Nf6 11. Bg5 O-O 12. cxd5 cxd5 13. Bf3 Be6 14. Nc3 Be5 15. Re1 Bxc3 16. bxc3 Rc8 17. Qa4 Rxc3 18. Qxa6 d4 19. a4 Bc4 20. Qb7 h6 21. Bd2 1/2-1/2

[Event "LXIV Campionato polacco"]
[Site "Opole POL"]
[Date "2007.02.14"]
[Round "6"]
[White "Tomczak, J."]
[Black "Wojtaszek, R."]
[Result "0-1"]
[WhiteElo "2457"]
[BlackElo "2637"]
[PlyCount "80"]
[EventDate "2007.02.09"]
[Source "www.chesslib.no"]
[SourceDate "2004.05.04"]

1. e4 c5 2. Nf3 a6 3. c4 e6 4. Nc3 Qc7 5. Be2 b6 6. O-O Bb7 7. Re1 d6 8. d4 cxd4 9. Nxd4 Nf6 10. Bd3 Nbd7 11. f4 g6 12. Qf3 h5 13. h3 Be7 14. Nb3 h4 15. Be3 g5 16. Nd2 gxf4 17. Qxf4 Ne5 18. Be2 Nfd7 19. Rad1 Rg8 20. Qf2 Rg3 21. Kh1 Nc5 22. Nf1 Rg7 23. Rd4 O-O-O 24. b4 Ncd7 25. Bf4 f5 26. Nd5 exd5 27. cxd5 Bg5 28. Bxg5 Rxg5 29. Qf4 Rdg8 30. Rc1 Nc5 31. Ne3 Kb8 32. bxc5 bxc5 33. exf5 Qg7 34. f6 Qg6 35. Rdd1 Rxg2 36. Bg4 Rg3 37. f7 Rf8 38. Bf5 Rxf7 39. Qxh4 Rxf5 40. Nxf5 Rg1+ 0-1

[Event "HUN Team Ch"]
[Site "HUN"]
[Date "1992.??.??"]
[Round "?"]
[White "Sax, Gyula"]
[Black "Csom, Istvan"]
[Result "0-1"]
[WhiteElo "2600"]
[BlackElo "2490"]
[PlyCount "70"]
[EventDate "1992.??.??"]
[Source "www.chesslib.no"]
[SourceDate "2004.05.04"]

1. e4 c5 2. Nf3 a6 3. c3 d5 4. exd5 Qxd5 5. d4 e6 6. c4 Qe4+ 7. Be3 cxd4 8. Nxd4 Nc6 9. Nd2 Bb4 10. Nc2 Bxd2+ 11. Qxd2 e5 12. Bd3 Qxg2 13. O-O-O Nge7 14. Rhg1 Qh3 15. Rxg7 Be6 16. Rg3 Qxh2 17. Rgg1 Qh3 18. Bb6 Qh4 19. Rde1 Ng6 20. Rh1 Qf6 21. Rh6 Rc8 22. Be3 Qg7 23. Reh1 f5 24. f3 Rd8 25. Bg5 Rd7 26. Qc3 O-O 27. R6h5 Qf7 28. f4 exf4 29. Be2 Nce5 30. Nd4 Re8 31. b3 b5 32. c5 Bd5 33. Rf1 f3 34. Nxf3 Bxf3 35. Bxf3 Rd3 0-1

[Event "HUN Ch"]
[Site "HUN"]
[Date "1993.??.??"]
[Round "3"]
[White "Sax, Gyula"]
[Black "Csom, Istvan"]
[Result "1/2-1/2"]
[WhiteElo "2570"]
[BlackElo "2520"]
[PlyCount "35"]
[EventDate "1993.10.??"]
[Source "www.chesslib.no"]
[SourceDate "2004.05.04"]

1. e4 c5 2. Nf3 a6 3. Nc3 d6 4. d4 Nd7 5. a4 cxd4 6. Nxd4 Ngf6 7. g3 b6 8. Bg2 Bb7 9. O-O e6 10. Re1 Qc7 11. Nd5 exd5 12. exd5+ Ne5 13. f4 O-O-O 14. Ra3 Nc4 15. Rc3 Nxd5 16. Bxd5 Bxd5 17. b3 Kb8 18. Qd3 1/2-1/2

[Event "Baden-Baden-B"]
[Site "Baden-Baden"]
[Date "1992.??.??"]
[Round "7"]
[White "Vogt, Lothar"]
[Black "Hort, Vlastimil"]
[Result "0-1"]
[WhiteElo "2530"]
[BlackElo "2560"]
[PlyCount "114"]
[EventDate "1992.12.??"]
[Source "ChessBase"]

1. e4 c5 2. Nf3 a6 3. c3 d5 4. exd5 Qxd5 5. d4 Nf6 6. Be3 cxd4 7. cxd4 e6 8. Nc3 Qd6 9. Bd3 Nc6 10. a3 Be7 11. O-O O-O 12. Qc2 Bd7 13. Rad1 g6 14. Qd2 Nd5 15. Ne4 Qc7 16. Bh6 Rfd8 17. Rfe1 Be8 18. Bc4 Qa5 19. Qe2 Rac8 20. Neg5 Bf6 21. Qe4 Nce7 22. Ne5 Qb6 23. Bxd5 exd5 24. Qf4 Nf5 25. Ng4 Bh8 26. Nf3 Ba4 27. b3 Bxb3 28. Rb1 Re8 29. Re5 Rxe5 30. dxe5 Rc4 31. Qg5 Rc3 32. e6 fxe6 33. Nf6+ Bxf6 34. Qxf6 Rc8 35. Rxb3 Nxh6 36. g3 Qxf2+ 37. Kxf2 Ng4+ 38. Ke2 Nxf6 39. Rxb7 Ne4 40. Nd4 e5 41. Ne6 Rc2+ 42. Ke3 Rc3+ 43. Ke2 Rc2+ 44. Kd1 Rxh2 45. Rg7+ Kh8 46. Ra7 h5 47. Nf8 d4 48. Nxg6+ Kg8 49. Nxe5 d3 50. Nxd3 Rd2+ 51. Ke1 Rxd3 52. Rxa6 Rxg3 53. a4 Kg7 54. a5 h4 55. Ra7+ Kg6 56. Ra8 h3 57. Rh8 Ra3 0-1

[Event "Paris FRA"]
[Site "?"]
[Date "2005.07.17"]
[Round "9"]
[White "Apicella Manuel"]
[Black "Kengis Edvins"]
[Result "1/2-1/2"]
[WhiteElo "2553"]
[BlackElo "2534"]
[PlyCount "24"]
[EventDate "2005.??.??"]
[Source "www.chesslib.no"]
[SourceDate "2004.05.04"]

1. e4 c5 2. Nf3 a6 3. c3 d5 4. e5 Nc6 5. d4 cxd4 6. cxd4 Bg4 7. Nbd2 e6 8. h3 Bxf3 9. Nxf3 Bb4+ 10. Bd2 Qa5 11. a3 Bxd2+ 12. Qxd2 Qxd2+ 1/2-1/2

[Event "San Bernardino Open"]
[Site "San Bernardino"]
[Date "1992.??.??"]
[Round "3"]
[White "Hodgson, Julian M"]
[Black "Csom, Istvan"]
[Result "1-0"]
[WhiteElo "2545"]
[BlackElo "2540"]
[PlyCount "91"]
[EventDate "1992.09.??"]
[Source "www.chesslib.no"]
[SourceDate "2004.05.04"]

1. e4 c5 2. Nf3 a6 3. Be2 d6 4. O-O Nd7 5. Re1 Ngf6 6. Bf1 b6 7. d3 Bb7 8. Nbd2 e6 9. c3 Ne5 10. d4 Nxf3+ 11. Qxf3 Be7 12. Qg3 cxd4 13. cxd4 Nh5 14. Qb3 O-O 15. Nb1 Nf6 16. f3 d5 17. e5 Nd7 18. f4 b5 19. Qh3 Qb6 20. Be3 f5 21. g4 g6 22. Nd2 Rac8 23. Bd3 b4 24. Kh1 Rf7 25. Rg1 Kh8 26. Nf3 Rg8 27. Bf2 Nf8 28. Bh4 Bc8 29. Rac1 Bd7 30. Bxe7 Rxe7 31. Qh4 Rgg7 32. Rc5 Kg8 33. Rgc1 Be8 34. Rc8 fxg4 35. Qxg4 Bb5 36. Bxb5 axb5 37. R1c6 Qa7 38. Ng5 Qxa2 39. Rxf8+ Kxf8 40. Rc8+ Re8 41. Nxe6+ Kf7 42. Ng5+ Kf8 43. Rxe8+ Kxe8 44. Qc8+ Ke7 45. Qc7+ Ke8 46. Qxg7 1-0